[Event "Druzynowe Mistrzostwa Polski II Liga"]
[Site "Szklarska Poreba"]
[Date "1899-12-30"]
[Round "2.79"]
[White "Voloshin, Leonid"]
[Black "Zaskalski, Arkadiusz"]
[Result "1-0"]
[WhiteTitle "GM"]
[BlackTitle "k"]
[WhiteElo "2345"]
[BlackElo "2165"]

1. d4 Nf6 2. c4 c5 3. d5 b5 4. cxb5 a6 5. b6 g6 6. Nc3 Qxb6 7. e4 d6 8. Nf3 Bg4
9. Be2 Bxf3 10. Bxf3 Nbd7 11. O-O Bg7 12. Be2 O-O 13. Qc2 Rfb8 14. Rb1 Ne8 15.
b3 Nc7 16. a4 a5 17. Nb5 Na6 18. Bc4 Nb4 19. Qe2 Re8 20. Bb2 Rad8 21. Bxg7 Kxg7
22. Qb2+ f6 23. f4 Qb7 24. Na3 Nb6 25. Bb5 Rf8 26. Nc4 Nxc4 27. Bxc4 Qd7 28. Rbd1
Qc8 29. h3 Qc7 30. Rfe1 Qb7 31. Re2 Rd7 32. Kh2 Qb8 33. g4 Ra7 34. Kg3 Rd7 35.
h4 Ra7 36. Rh1 Kf7 37. h5 Ke8 38. hxg6 hxg6 39. Rh6 Rg8 40. g5 fxg5 41. fxg5 e5
42. Rf2 Kd8 43. Rf6 Kc7 44. Qf2 Kb6 45. Rhxg6 Rxg6 46. Rxg6 Rd7 47. Qf5 Kc7 48.
Qxd7+ 1-0

[Event "Druzynowe Mistrzostwa Polski II Liga"]
[Site "Szklarska Poreba"]
[Date "1899-12-30"]
[Round "2.80"]
[White "Markiewicz, Jerzy"]
[Black "Liberadzki, Slawomir"]
[Result "1/2-1/2"]
[WhiteTitle "FM"]
[BlackTitle "k"]
[WhiteElo "2156"]
[BlackElo "1998"]

1. e4 c5 2. Nf3 e6 3. d4 cxd4 4. Nxd4 Nc6 5. Nc3 Qc7 6. Be2 a6 7. O-O Nf6 8. Be3
Bb4 9. Na4 Be7 10. Nxc6 bxc6 11. Nb6 Rb8 12. Nxc8 Qxc8 13. e5 Nd5 14. Bc1 Qc7
15. c4 Nb6 16. Bf4 O-O 17. Qd2 Rfd8 18. Qe3 Na4 19. b3 Nc5 20. Rfd1 a5 21. Rab1
Rb7 22. Rd6 Qb6 23. Rdd1 Rdb8 24. Bd3 Nxd3 25. Qxb6 Rxb6 26. Rxd3 Rd8 27. Rbd1
Rb7 28. Bd2 Ra8 29. Be3 Rd8 30. Bd2 Ra8 31. Be3 Rd8 32. Bd2 f6 33. g4 1/2-1/2

[Event "Druzynowe Mistrzostwa Polski II Liga"]
[Site "Szklarska Poreba"]
[Date "1899-12-30"]
[Round "2.81"]
[White "Sielicki, Tomasz"]
[Black "Augustyn, Sebastian"]
[Result "0-1"]
[WhiteTitle "I++"]
[BlackTitle "k"]
[WhiteElo "1968"]
[BlackElo "2144"]

1. d4 g6 2. e4 Bg7 3. Nc3 c5 4. d5 d6 5. Nf3 Nf6 6. Be2 O-O 7. O-O Na6 8. Bf4 Nc7
9. a4 Rb8 10. Qd2 Bg4 11. Bh6 a6 12. Bxg7 Kxg7 13. Qf4 Bxf3 14. Bxf3 Nd7 15. Qg3
b5 16. axb5 Nxb5 17. Nxb5 Rxb5 18. Be2 Rb4 19. Qc3+ Kg8 20. f3 a5 21. Ra2 Qb6
22. Rfa1 Rb8 23. h3 Rxb2 24. Rxa5 Qb4 25. Qxb4 R8xb4 26. R5a2 Kg7 27. Kf2 Kf6
28. Ke3 g5 29. g3 Ne5 30. f4 gxf4+ 31. gxf4 Ng6 32. Bh5 Rxa2 33. Rxa2 Rb1 34.
Bxg6 fxg6 35. Kf2 Rc1 36. Kg2 g5 37. fxg5+ Kxg5 38. Kg3 Kf6 39. Kf3 h5 40. Kf4
Rh1 41. Ra3 Rh2 42. Rc3 Re2 43. Kf3 Rd2 44. Ke3 Rg2 45. Kf3 Rg1 46. Kf4 Rg2 47.
Kf3 Rd2 48. Ke3 Rh2 49. Kf4 e6 50. dxe6 Kxe6 51. Kg3 Rh1 52. Kf4 Rg1 53. Rd3 Rg2
54. Rc3 Rd2 55. Ke3 Rd1 56. Rd3 Rc1 57. Rc3 Ke5 58. Rc4 Rh1 59. Kf2 Rxh3 60. Ke2
Rh4 61. Ke3 Rg4 62. Kf3 Rf4+ 63. Ke3 h4 64. Ra4 h3 65. Ra8 Rxe4+ 66. Kd3 Rh4 67.
Re8+ Kf4 68. Re4+ Kg5 69. Re1 h2 70. Rh1 Kf4 71. Ke2 Ke5 0-1

[Event "Druzynowe Mistrzostwa Polski II Liga"]
[Site "Szklarska Poreba"]
[Date "1899-12-30"]
[Round "2.82"]
[White "Czarnecki, Wojciech"]
[Black "Koziol, Pawel"]
[Result "1-0"]
[WhiteTitle "k"]
[BlackTitle "I++"]
[WhiteElo "2020"]
[BlackElo "1910"]

1. Nf3 d6 2. g3 g6 3. Bg2 Bg7 4. O-O c5 5. c4 Nc6 6. Nc3 e5 7. d3 Nge7 8. a3 O-O
9. Rb1 a5 10. Nd5 h6 11. Bd2 Nxd5 12. cxd5 Ne7 13. e4 f5 14. b4 axb4 15. axb4
b6 16. Qb3 f4 17. Bc3 Bg4 18. bxc5 bxc5 19. h3 Bd7 20. Nd2 Kh7 21. Kh2 Ba4 22.
Qb2 Rb8 23. Qxb8 Qxb8 24. Rxb8 Rxb8 25. Ra1 fxg3+ 26. fxg3 Bc2 27. Bf1 Nc8 28.
g4 Bf6 29. Rc1 Ba4 30. Nf3 Bd8 31. h4 g5 32. h5 Kg7 33. Nxe5 Bf6 34. Nc4 Bxc3
35. Rxc3 Rb1 36. Be2 Bb5 37. Ne3 Re1 38. Nf5+ Kf6 39. Rc2 Ke5 40. Kg3 Rg1+ 41.
Kf2 Ra1 42. Rb2 Ba6 43. Nxh6 Kf6 44. Rb3 Ra4 45. Rc3 Ne7 46. Ke3 Bc8 47. Rb3 Kg7
48. Nf5+ Bxf5 49. gxf5 Ra7 50. Rb6 Rd7 51. d4 Nc8 52. Rc6 Ne7 53. Ra6 cxd4+ 54.
Kxd4 Ng8 55. Bb5 Rb7 56. Bc4 Rd7 57. Bb5 Rb7 58. Bc4 Rd7 59. e5 dxe5+ 60. Kxe5
Rc7 61. Rc6 Re7+ 62. Re6 Rc7 63. Bd3 Rc3 64. f6+ Kf8 65. Bg6 Re3+ 66. Kf5 Rf3+
67. Kxg5 1-0

[Event "Druzynowe Mistrzostwa Polski II Liga"]
[Site "Szklarska Poreba"]
[Date "1899-12-30"]
[Round "2.83"]
[White "Szymczak, Rafal"]
[Black "Markiewicz, Mateusz"]
[Result "1-0"]
[WhiteTitle "k"]
[BlackTitle "I++"]
[WhiteElo "1956"]
[BlackElo "2021"]

1. f4 d6 2. Nf3 g6 3. d3 Bg7 4. e4 d5 5. Be2 dxe4 6. dxe4 Qxd1+ 7. Bxd1 Nc6 8.
c3 Bd7 9. Bc2 e5 10. O-O Nge7 11. Na3 f6 12. fxe5 Nxe5 13. Nxe5 fxe5 14. Bb3 Rf8
15. Bg5 h6 16. Rxf8+ Bxf8 17. Bf6 O-O-O 18. Nc4 Be8 19. Nxe5 Rd6 20. Rf1 Nc6 21.
Nxc6 Bxc6 22. Bd4 Rd8 23. Be6+ Kb8 24. Bd5 Bb5 25. Re1 Bd6 26. g3 g5 27. Be6 Re8
28. Bf5 Re7 29. Kf2 c5 30. Be3 Bc6 31. Bc1 Kc7 32. Kf3 Be8 33. g4 Be5 34. h4 Bf6
35. hxg5 hxg5 36. Rh1 Bc6 37. Rh6 Rf7 38. Rg6 Rf8 39. Bxg5 Bxg5 40. Rxg5 Rd8 41.
Rg7+ Kb6 42. Ke3 c4 43. g5 1-0

[Event "Druzynowe Mistrzostwa Polski II Liga"]
[Site "Szklarska Poreba"]
[Date "1899-12-30"]
[Round "2.85"]
[White "Zebracki, Tomasz"]
[Black "Brzezinski, Mateusz"]
[Result "1/2-1/2"]
[WhiteTitle "k"]
[BlackTitle "k"]
[WhiteElo "2188"]
[BlackElo "2119"]

1. b3 Nf6 2. Bb2 g6 3. Bxf6 exf6 4. c4 b6 5. Nc3 Bb7 6. Nf3 Bg7 7. d4 O-O 8. e3
f5 9. Be2 d6 10. O-O Nd7 11. Rc1 Re8 12. b4 a5 13. a3 axb4 14. axb4 Nf6 15. d5
Ne4 16. Nxe4 Rxe4 17. Qb3 Qd7 18. Bd3 Ree8 19. Rfd1 Qa4 20. Qb1 Qa3 21. Nd4 Bxd4
22. exd4 Ra4 23. b5 Rea8 24. Bxf5 Rb4 25. Qd3 Qa2 26. Rc2 Rb2 27. Rxb2 Qxb2 28.
Bd7 Ra3 29. Qe4 Ra1 30. Qe1 Rxd1 31. Qxd1 Qc3 32. Qe2 Qa1+ 33. Qf1 Qxd4 34. g3
Qe4 35. Qc1 Kf8 36. Bh3 Qe8 37. Qa1 Kg8 38. Qa7 Bc8 39. Qb8 Bd7 40. Qxe8+ Bxe8
41. f4 f5 1/2-1/2

[Event "Druzynowe Mistrzostwa Polski II Liga"]
[Site "Szklarska Poreba"]
[Date "1899-12-30"]
[Round "2.86"]
[White "Kujawski, Adam"]
[Black "Paprocki, Jaroslaw"]
[Result "1/2-1/2"]
[WhiteTitle "k"]
[BlackTitle "k"]
[WhiteElo "2245"]
[BlackElo "2161"]

1. e4 e5 2. Nf3 Nc6 3. Bb5 a6 4. Ba4 Nf6 5. O-O Be7 6. Re1 b5 7. Bb3 d6 8. c3 Na5
9. Bc2 c5 10. d4 Qc7 11. Nbd2 O-O 12. d5 Re8 13. a4 b4 14. c4 g6 15. b3 Nh5 16.
g3 Ng7 17. h4 Rf8 18. Bb2 Bg4 19. Nf1 Qc8 20. N1h2 Bh5 21. Qd2 f6 22. Qh6 Qh3
23. Re3 Qd7 24. Kh1 Rf7 25. Ree1 g5 26. g4 Bxg4 27. Rg1 Bxf3+ 28. Nxf3 Qh3+ 29.
Nh2 Qxh4 30. Qxh4 gxh4 31. Ng4 Kh8 32. Nh6 Rff8 33. Rg4 f5 34. exf5 Bf6 35. Rag1
Ra7 36. Kh2 Re7 37. Kh3 Nb7 38. f3 Nd8 39. Be4 Nf7 40. Bc1 Nxh6 41. Bxh6 Rg8 1/2-1/2

[Event "Druzynowe Mistrzostwa Polski II Liga"]
[Site "Szklarska Poreba"]
[Date "1899-12-30"]
[Round "2.87"]
[White "Wisniewski, Przemyslaw"]
[Black "Kulczyk, Pawel"]
[Result "0-1"]
[WhiteTitle "k"]
[BlackTitle "k"]
[WhiteElo "2010"]
[BlackElo "2087"]

1. Nf3 d5 2. d4 Nf6 3. Bf4 e6 4. e3 c5 5. c3 Nc6 6. Nbd2 Bd6 7. Bxd6 Qxd6 8. Bb5
O-O 9. O-O a6 10. Bxc6 Qxc6 11. Ne5 Qc7 12. f4 Ne4 13. Nxe4 dxe4 14. Ng4 b6 15.
Nf2 Bb7 16. Rc1 Rfd8 17. Qc2 Qc6 18. Rfd1 Rac8 19. Rd2 cxd4 20. cxd4 Qxc2 21.
Rdxc2 Rxc2 22. Rxc2 Bd5 23. b3 h6 24. h3 a5 25. Nd1 Rd6 26. Nb2 b5 27. Rc8+ Kh7
28. Rb8 Rc6 29. Rxb5 Rc1+ 30. Kh2 Rc2 31. Nc4 a4 32. Nb6 a3 33. Nxd5 exd5 34.
Rxd5 Rxa2 35. Ra5 Re2 36. Rxa3 Rxe3 37. Ra7 Kg6 38. b4 Rb3 39. Rb7 f6 40. g4 Rf3
41. d5 Rxf4 42. d6 e3 43. b5 Rd4 44. Re7 Rxd6 45. Rxe3 Rd2+ 46. Kg3 Rb2 47. Ra3
Rxb5 48. Rc3 h5 49. Ra3 hxg4 50. hxg4 Kg5 51. Rc3 Rb1 52. Rc5+ Kg6 53. Rc3 Rg1+
54. Kf4 0-1

[Event "Druzynowe Mistrzostwa Polski II Liga"]
[Site "Szklarska Poreba"]
[Date "1899-12-30"]
[Round "2.88"]
[White "Mazalon, Mariusz"]
[Black "Rak, Tomasz"]
[Result "1/2-1/2"]
[WhiteTitle "k"]
[BlackTitle "k"]
[WhiteElo "2066"]
[BlackElo "2051"]

1. d4 Nf6 2. c4 g6 3. Nf3 Bg7 4. g3 d6 5. Bg2 O-O 6. O-O Qe8 7. Nc3 a5 8. e4 e5
9. h3 Na6 10. Be3 h6 11. d5 Bd7 12. Ne1 b5 13. cxb5 Bxb5 14. Nxb5 Qxb5 15. Qd2
Kh7 16. Nd3 a4 17. Rfc1 Rfb8 18. Rc2 Rb7 19. Rd1 Qe8 20. f3 Nd7 21. Bf1 f5 22.
Bf2 Nf6 23. Bg2 Qb8 24. Kh2 Qe8 25. Kg1 Qb8 26. Kh2 Qe8 27. g4 f4 28. Bf1 Nd7
29. Be2 Bf6 30. Kg2 Qd8 31. Qe1 g5 1/2-1/2

[Event "Druzynowe Mistrzostwa Polski II Liga"]
[Site "Szklarska Poreba"]
[Date "1899-12-30"]
[Round "2.89"]
[White "Budnik, Mateusz"]
[Black "Skowronski, Piotr"]
[Result "1-0"]
[WhiteTitle "I++"]
[BlackTitle "I+"]
[WhiteElo "1935"]
[BlackElo "2064"]

1. e4 d6 2. d4 Nf6 3. Nc3 g6 4. f3 Bg7 5. Be3 c6 6. Qd2 b5 7. a3 Nbd7 8. Nge2 Nb6
9. Ng3 h5 10. Bd3 a6 11. O-O Qc7 12. Nd1 Be6 13. b3 c5 14. d5 Bd7 15. Rb1 e5 16.
c4 Nc8 17. Nc3 Rb8 18. Be2 h4 19. Nh1 Nh5 20. Nf2 Nf4 21. Nd3 g5 22. cxb5 axb5
23. Rfc1 Qd8 24. b4 c4 25. Nb2 Nb6 26. a4 Nxa4 27. Ncxa4 bxa4 28. Nxc4 Nxe2+ 29.
Qxe2 Bb5 30. Qd2 Bf6 31. Na5 Ra8 32. Nc6 Qd7 33. Bxg5 Bxg5 34. Qxg5 Kf8 35. Qe3
a3 36. Qb6 Bd3 37. Ra1 a2 38. Na5 Rc8 39. Rxc8+ Qxc8 40. Qxd6+ Kg8 41. Qc5 Qa6
42. Rxa2 Kg7 43. d6 Rc8 44. Qxe5+ f6 45. Qe7+ Kg6 46. Ra1 Qb6+ 47. Kh1 Qf2 1-0

[Event "Druzynowe Mistrzostwa Polski II Liga"]
[Site "Szklarska Poreba"]
[Date "1899-12-30"]
[Round "2.90"]
[White "Mackiewicz, Anna"]
[Black "Borkowska, Zuzanna"]
[Result "1-0"]
[WhiteTitle "k+"]
[BlackTitle "I"]
[WhiteElo "1945"]
[BlackElo "1634"]

1. d4 Nf6 2. c4 e5 3. dxe5 Ng4 4. Bf4 Nc6 5. Nf3 Bb4+ 6. Nc3 Qe7 7. e3 Ngxe5 8.
Nxe5 Nxe5 9. Be2 d6 10. Qa4+ Nc6 11. Rc1 Bd7 12. Qb3 O-O 13. O-O Bxc3 14. Rxc3
b6 15. Qc2 Ne5 16. b4 a5 17. a3 axb4 18. axb4 Ra4 19. c5 Rxb4 20. cxd6 cxd6 21.
Rc7 Qe6 22. Qd2 Nc6 23. Rxc6 Bxc6 24. Qxb4 Qg6 25. Bg3 Qc2 26. Bxd6 Rd8 27. Qxb6
Rc8 28. Ba6 Re8 29. Bb5 Bxb5 30. Qxb5 Rd8 31. Be5 h6 32. Bd4 Qg6 33. Qb6 Rd6 34.
Qb8+ Kh7 35. Rc1 Qe6 36. h3 Rd5 37. Rc8 Rg5 38. Rh8+ Kg6 39. Qb6 Qxb6 40. Bxb6
Rb5 41. Bd4 Rb1+ 42. Kh2 Rb5 43. g4 f6 44. h4 Rb7 45. h5+ Kf7 46. Kg3 Rb5 47.
Ra8 Rb7 48. Ra7 Rxa7 49. Bxa7 g6 50. hxg6+ Kxg6 51. Kf4 1-0

[Event "Druzynowe Mistrzostwa Polski II Liga"]
[Site "Szklarska Poreba"]
[Date "1899-12-30"]
[Round "2.91"]
[White "Grochowalski, Pawel"]
[Black "Niekras, Dawid"]
[Result "0-1"]
[WhiteTitle "k+"]
[BlackTitle "FM"]
[WhiteElo "2134"]
[BlackElo "2313"]

1. d4 Nf6 2. c4 g6 3. Nc3 Bg7 4. e4 d6 5. Bd3 O-O 6. Nge2 Nc6 7. f3 Nd7 8. Be3
e5 9. d5 Nd4 10. Nb5 Nxe2 11. Qxe2 a6 12. Nc3 f5 13. Qd2 Nf6 14. O-O f4 15. Bf2
g5 16. Rfc1 g4 17. Bf1 Qe8 18. Kh1 Qh5 19. Qe2 Qh6 20. c5 Nh5 21. fxg4 Ng3+ 22.
Bxg3 fxg3 23. h3 dxc5 24. Na4 b6 25. Qd3 Bxg4 26. Qxg3 Bd7 27. b3 Rf4 28. Bd3
Raf8 29. Rf1 c4 30. Bxc4 b5 31. Nc5 bxc4 32. Rfe1 Bxh3 0-1

[Event "Druzynowe Mistrzostwa Polski II Liga"]
[Site "Szklarska Poreba"]
[Date "1899-12-30"]
[Round "2.92"]
[White "Zakrzewski, Marek"]
[Black "Baumann, Dariusz"]
[Result "1-0"]
[WhiteTitle "k"]
[BlackTitle "k"]
[WhiteElo "2249"]
[BlackElo "2067"]

1. e4 e5 2. Nf3 Nc6 3. d4 exd4 4. Nxd4 Nf6 5. Nxc6 bxc6 6. e5 Qe7 7. Qe2 Nd5 8.
c4 Ba6 9. b3 g5 10. g3 Bg7 11. Bb2 O-O-O 12. Bg2 Rhe8 13. O-O Bxe5 14. Bxe5 Qxe5
15. Qxe5 Rxe5 16. cxd5 Bxf1 17. Kxf1 cxd5 18. Nc3 c6 19. Rc1 Kb7 20. Bf3 Rde8
21. Na4 R5e7 22. Nc5+ Kc7 23. b4 f5 24. h3 Kd6 25. Nd3 Rb8 26. Rc3 Ke6 27. Ra3
d6 28. Ke2 Rc7 29. Ra5 Rb5 30. Rxb5 cxb5 31. Kd2 Rc4 32. Bd1 Rc7 33. Bb3 h5 34.
Ke3 Rh7 35. f4 Kf6 36. fxg5+ Kxg5 37. h4+ Kg4 38. Kf2 f4 39. Nxf4 Re7 40. Nxd5
Rf7+ 41. Nf4 Rxf4+ 42. gxf4 Kxf4 43. Bd1 1-0

[Event "Druzynowe Mistrzostwa Polski II Liga"]
[Site "Szklarska Poreba"]
[Date "1899-12-30"]
[Round "2.93"]
[White "Kulinski, Krzysztof"]
[Black "Bajerlein, Dawid"]
[Result "0-1"]
[WhiteTitle "k"]
[BlackTitle "k"]
[WhiteElo "2078"]
[BlackElo "2044"]

1. Nf3 Nf6 2. g3 g6 3. Bg2 Bg7 4. O-O O-O 5. c4 d6 6. Nc3 e5 7. Rb1 Nc6 8. b4 Nd7
9. e3 f5 10. d4 e4 11. Nd2 Nf6 12. b5 Ne7 13. Ba3 g5 14. f3 exf3 15. Nxf3 h6 16.
Qb3 Ng6 17. Rbe1 Kh8 18. Nd2 Re8 19. Nd5 Nxd5 20. Bxd5 Qe7 21. Bb2 Bd7 22. Bxb7
Rab8 23. Bd5 c6 24. Bf3 g4 25. Bg2 cxb5 26. Qa3 bxc4 27. Nxc4 Be6 28. Na5 Qf7
29. Nc6 Rb6 30. Bc3 Bd5 31. Nb4 Bxg2 32. Kxg2 h5 33. Nd3 Qd5+ 34. Kg1 h4 35. Nf4
Nxf4 36. Rxf4 Bh6 37. e4 Rxe4 38. Rexe4 fxe4 39. Rxg4 Rb1+ 40. Kg2 h3+ 41. Kxh3
Qh5+ 42. Rh4 Qf5+ 43. Rg4 Qh5+ 44. Rh4 Qf5+ 45. Rg4 Bg5 46. d5+ Kg8 47. Qa6 Rh1
48. Qe2 Qh7+ 49. Rh4 Bxh4 50. Kg2 Rxh2+ 51. Kxh2 Bf6+ 52. Kg2 Bxc3 53. Qg4+ Qg7
54. Qc8+ Kh7 55. Qf5+ Qg6 56. Qh3+ Kg7 57. Qd7+ Kh6 58. Qh3+ Qh5 59. Qe6+ Kh7
60. Qxe4+ Kh8 61. Qc4 Qe5 62. Qc8+ Kg7 63. Qd7+ Kf6 64. Qd8+ Kf5 65. Qf8+ Ke4
66. Qf3+ Kd4 67. Qd1+ Kc5 68. Qa4 Qxd5+ 69. Kh3 Qh5+ 70. Kg2 Qd5+ 71. Kh3 a5 72.
Qa3+ Bb4 73. Qe3+ Kb5 74. Qe8+ Kc4 75. Qe2+ Qd3 76. Qe6+ Qd5 77. Qe2+ Kc3 78.
Qe3+ Kb2 79. Qe2+ Ka3 80. Qc2 Qh5+ 81. Kg2 Qd5+ 82. Kh3 Qxa2 83. Qd3+ Qb3 84.
Qe2 Qc3 85. Qe6 a4 86. Qd5 Kb2 87. Qg2+ Qd2 88. Qf1 d5 89. Qf6+ d4 90. Qc6 a3
0-1

[Event "Druzynowe Mistrzostwa Polski II Liga"]
[Site "Szklarska Poreba"]
[Date "1899-12-30"]
[Round "2.94"]
[White "Bernat, Marcin"]
[Black "Cichocki, Konrad"]
[Result "1/2-1/2"]
[WhiteTitle "k"]
[BlackTitle "I+"]
[WhiteElo "2111"]
[BlackElo "1864"]

1. d4 Nf6 2. c4 e6 3. Nc3 Bb4 4. e3 c5 5. Nge2 O-O 6. a3 cxd4 7. axb4 dxc3 8. Nxc3
d5 9. b5 Qc7 10. cxd5 Rd8 11. Be2 exd5 12. O-O Be6 13. Qd4 b6 14. b3 Nbd7 15.
Bb2 Nc5 16. Ra3 Nce4 17. Rc1 Qe7 18. Nd1 Rac8 19. Rca1 Rc7 20. f3 Nd6 21. Bd3
Nf5 22. Qe5 Nd6 23. Ra4 Nfe8 24. Nc3 f6 25. Qf4 Rdc8 26. Qd4 Qf7 27. g4 Rd7 28.
Ne2 Nc4 29. Rd1 Ne5 30. Kf2 Nxd3+ 31. Qxd3 Qg6 32. Qxg6 hxg6 33. Rd2 Rdc7 34.
Nd4 Kf7 35. Ba3 Bd7 36. Bb4 a5 37. Ba3 Rc3 38. Bb2 R3c5 39. Ba3 Rc3 40. Bb2 1/2-1/2

[Event "Druzynowe Mistrzostwa Polski II Liga"]
[Site "Szklarska Poreba"]
[Date "1899-12-30"]
[Round "2.95"]
[White "Augustowski, Janusz"]
[Black "Hemmerling, Jaroslaw"]
[Result "0-1"]
[WhiteTitle "I"]
[BlackTitle "I++"]
[WhiteElo "1804"]
[BlackElo "1920"]

1. d4 d5 2. Nf3 e6 3. g3 Bd6 4. Bg2 Nf6 5. O-O O-O 6. c4 c6 7. Qc2 Nbd7 8. b3 dxc4
9. bxc4 e5 10. dxe5 Nxe5 11. Rd1 Nxf3+ 12. Bxf3 Qe7 13. Nc3 Bg4 14. Bg5 Bxf3 15.
exf3 Be5 16. Re1 Qc7 17. Rab1 h6 18. Bxf6 Bxf6 19. Ne4 Be7 20. c5 b6 21. cxb6
axb6 22. Rec1 Rfc8 23. Qc4 Ra5 24. h4 Qa7 25. Rc2 Ra4 26. Qe2 Ba3 27. Nc3 Ra5
28. Nb5 Rxb5 29. Rxb5 Bc5 30. Rb3 Qc7 31. Rd3 Qxg3+ 32. Kh1 Qxh4+ 33. Kg2 Qg5+
34. Kf1 Qh4 35. Qe4 Qh1+ 36. Ke2 Qg1 37. Rcd2 Qxf2+ 38. Kd1 Qg1+ 39. Kc2 Qg5 40.
f4 Qf6 41. Rd7 Ra8 42. Kb1 Bf8 43. f5 Ra5 44. Rf2 Rb5+ 45. Kc1 Qa1+ 46. Kd2 Rb2+
0-1

[Event "Druzynowe Mistrzostwa Polski II Liga"]
[Site "Szklarska Poreba"]
[Date "1899-12-30"]
[Round "2.96"]
[White "Debowiak, Arleta"]
[Black "Cichocka, Katarzyna"]
[Result "1-0"]
[WhiteTitle "k"]
[BlackTitle "I++"]
[WhiteElo "1838"]
[BlackElo "1608"]

1. e4 c5 2. Nf3 d6 3. d4 cxd4 4. Nxd4 Nf6 5. Nc3 a6 6. Be3 Ng4 7. Bg5 Nc6 8. Be2
h6 9. Bh4 Nxd4 10. Qxd4 Bd7 11. Nd5 Ne5 12. Nb6 Nc6 13. Qe3 Rb8 14. O-O-O Be6
15. Kb1 g5 16. Bg3 Bg7 17. h4 Bd4 18. Rxd4 Qxb6 19. Rd3 Qxe3 20. Rxe3 Kd7 21.
Rd1 f5 22. exf5 Bxf5 23. b3 Rbc8 24. Kb2 Rc7 25. c3 b5 26. hxg5 hxg5 27. Rd5 Rf8
28. Rd1 Rcc8 29. c4 bxc4 30. Bxc4 a5 31. Bb5 Kd8 32. Bxd6 exd6 33. Rxd6+ Kc7 34.
Rxc6+ Kb7 35. Re7+ Kb8 36. Rb6+ Ka8 37. Bc6+ Rxc6 38. Rxc6 Bd3 39. Kc3 Bb5 40.
Rc5 Bf1 41. Rxa5+ Kb8 42. Rxg5 1-0

[Event "Druzynowe Mistrzostwa Polski II Liga"]
[Site "Szklarska Poreba"]
[Date "1899-12-30"]
[Round "2.97"]
[White "Gierulski, Kamil"]
[Black "Snihur, Piotr"]
[Result "0-1"]
[WhiteTitle "k+"]
[BlackTitle "k"]
[WhiteElo "2219"]
[BlackElo "2181"]

1. e4 c5 2. Nf3 e6 3. b3 b6 4. Bd3 Bb7 5. O-O d6 6. Re1 Nf6 7. Bb2 Be7 8. Bb5+
Nbd7 9. e5 dxe5 10. Nxe5 O-O 11. Nc6 Bxc6 12. Bxc6 Rc8 13. Bb5 Nb8 14. Qf3 Qd5
15. Qxd5 Nxd5 16. a4 Rfd8 17. Na3 Nb4 18. Rad1 N8c6 19. Bf1 Rd7 20. Bb5 Rdd8 21.
Bf1 Rc7 22. Bb5 Kf8 23. f4 a6 24. Bf1 Rcd7 25. d3 Nd5 26. g3 Nd4 27. Bg2 Bf6 28.
Kh1 Nb4 29. Rc1 Ndxc2 30. Bxf6 Nxe1 31. Bxd8 Nexd3 32. Rc3 Rxd8 33. Bf1 Nf2+ 34.
Kg1 Ne4 35. Re3 f5 36. Nc4 Rd1 37. Nxb6 Nd2 38. Kf2 Nxf1 39. Rxe6 Nxh2 0-1

[Event "Druzynowe Mistrzostwa Polski II Liga"]
[Site "Szklarska Poreba"]
[Date "1899-12-30"]
[Round "2.98"]
[White "Nowak, Mikolaj"]
[Black "Ziemniak, Piotr"]
[Result "1-0"]
[WhiteTitle "I++"]
[BlackTitle "I"]
[WhiteElo "2088"]
[BlackElo "1801"]

1. d4 Nf6 2. c4 g6 3. Nf3 Bg7 4. g3 d6 5. Bg2 O-O 6. O-O Nbd7 7. Nc3 c6 8. e4 e5
9. h3 Qc7 10. Be3 Re8 11. Qc2 exd4 12. Nxd4 Nc5 13. b4 Ne6 14. Nb3 Bd7 15. Rad1
h6 16. f4 Rad8 17. Rd3 Bf8 18. Qf2 Ng7 19. Bxa7 Ra8 20. Bb6 Qc8 21. g4 Nh7 22.
f5 g5 23. Bd4 f6 24. Rfd1 Re7 25. c5 Rf7 26. Bf1 dxc5 27. Bxc5 Bxc5 28. Nxc5 Be8
29. Rd6 Re7 30. Bc4+ Kh8 31. Qd4 Qc7 32. Nd3 Rd7 33. e5 fxe5 34. Nxe5 Rxd6 35.
Qxd6 Qb6+ 36. Qc5 Qc7 37. f6 Ra3 38. Rd7 Bxd7 39. Ng6# 1-0

[Event "Druzynowe Mistrzostwa Polski II Liga"]
[Site "Szklarska Poreba"]
[Date "1899-12-30"]
[Round "2.99"]
[White "Wozniak, Grzegorz"]
[Black "Kwiatkowski, Wiktor"]
[Result "0-1"]
[WhiteTitle "I"]
[BlackTitle "I"]
[WhiteElo "1694"]
[BlackElo "1933"]

1. d4 Nf6 2. Nf3 e6 3. e3 b6 4. Nbd2 Bb7 5. Bd3 d5 6. O-O Nbd7 7. Qe2 c5 8. c3
Ne4 9. Ba6 Bxa6 10. Qxa6 Bd6 11. Nxe4 dxe4 12. Ne5 Bxe5 13. dxe5 Qc7 14. Qa4 Qb7
15. f4 exf3 16. gxf3 O-O 17. f4 f6 18. Rd1 b5 19. Qb3 c4 20. Qb4 fxe5 21. Qe7
Rf6 22. Kf2 exf4 23. exf4 Qb6+ 24. Be3 Rxf4+ 25. Ke2 Re4 26. Rd4 Rxe3+ 27. Kxe3
e5 28. Qxd7 exd4+ 29. Qxd4 Qh6+ 30. Kf3 Qh3+ 31. Ke4 Re8+ 32. Kf4 Rf8+ 33. Kg5
0-1

[Event "Druzynowe Mistrzostwa Polski II Liga"]
[Site "Szklarska Poreba"]
[Date "1899-12-30"]
[Round "2.100"]
[White "Matlewski, Adam"]
[Black "Nowakowski, Jacek"]
[Result "1-0"]
[WhiteTitle "I"]
[BlackTitle "II+"]
[WhiteElo "1825"]
[BlackElo "1583"]

1. d4 c6 2. Nf3 d6 3. g3 Nf6 4. Bg2 Bg4 5. O-O Nbd7 6. c4 Qc7 7. Nc3 e5 8. e4 Be7
9. h3 Bh5 10. Be3 h6 11. Qc2 O-O 12. Ne1 exd4 13. Bxd4 Ne5 14. b3 Bg6 15. f4 Ned7
16. Qe2 Rfe8 17. Nd3 Qa5 18. Rac1 Rad8 19. g4 c5 20. Be3 Nb8 21. f5 Bh7 22. h4
Nfd7 23. g5 Nc6 24. Na4 Bf8 25. gxh6 g6 26. fxg6 Bxg6 27. h5 Bh7 28. Qf2 f5 29.
Qg3+ Kh8 30. Bg5 Nd4 31. Rf2 Ne5 32. Bf6+ 1-0

[Event "Druzynowe Mistrzostwa Polski II Liga"]
[Site "Szklarska Poreba"]
[Date "1899-12-30"]
[Round "2.101"]
[White "Augustyn, Jan"]
[Black "Leskiewicz, Ignacy"]
[Result "0-1"]
[WhiteTitle "II"]
[BlackTitle "I+"]
[WhiteElo "1728"]
[BlackElo "1770"]

1. c4 Nf6 2. Nc3 g6 3. g3 Bg7 4. Bg2 O-O 5. Nf3 d6 6. O-O Nc6 7. d3 e5 8. Bd2 Ne7
9. Rc1 Nh5 10. b4 h6 11. a4 f5 12. a5 a6 13. Qb3 Be6 14. Nd5 g5 15. Rc2 f4 16.
Nxe7+ Qxe7 17. Bc3 Rf7 18. Nd2 Raf8 19. Ne4 g4 20. f3 fxg3 21. Nxg3 Nf4 22. Rf2
Qh4 23. Be1 Nxg2 24. Rxg2 gxf3 25. exf3 Rxf3 26. Bf2 Qh3 27. Re2 Kh7 28. Qc2 Bg4
29. d4+ Kh8 30. Re3 Rxe3 31. Bxe3 exd4 32. Bf2 Bf3 33. Be1 d3 34. Qf2 Bxg2 35.
Qxg2 Bd4+ 36. Kh1 d2 37. Bxd2 Qxg2+ 38. Kxg2 Rf2+ 39. Kh3 Rxd2 40. Nf5 Bg1 41.
Kg4 Rg2+ 42. Kf3 Rf2+ 43. Ke4 Rxf5 44. Kxf5 Bxh2 45. Ke6 c6 46. Kd7 d5 47. cxd5
cxd5 48. Kc8 d4 49. Kxb7 d3 50. b5 axb5 51. a6 Bg1 0-1

[Event "Druzynowe Mistrzostwa Polski II Liga"]
[Site "Szklarska Poreba"]
[Date "1899-12-30"]
[Round "2.102"]
[White "Pastuszko, Kinga"]
[Black "Polak, Sylwia"]
[Result "1-0"]
[WhiteTitle "k+"]
[BlackTitle "I"]
[WhiteElo "1971"]
[BlackElo "1371"]

1. e4 c5 2. Nf3 e6 3. d4 cxd4 4. Nxd4 a6 5. Bd3 Qc7 6. O-O Nf6 7. c3 Be7 8. f4
d6 9. Kh1 Nbd7 10. Qf3 O-O 11. Be3 Nc5 12. Bc2 Rd8 13. Nd2 Bd7 14. Rae1 e5 15.
Nf5 Bf8 16. fxe5 dxe5 17. Nh6+ gxh6 18. Qxf6 h5 1-0

[Event "Druzynowe Mistrzostwa Polski II Liga"]
[Site "Szklarska Poreba"]
[Date "1899-12-30"]
[Round "3.1"]
[White "Cichocki, Adam"]
[Black "Kislinsky, Alexey"]
[Result "0-1"]
[WhiteTitle "FM"]
[BlackTitle "GM"]
[WhiteElo "2292"]
[BlackElo "2505"]

1. d4 Nf6 2. Nf3 g6 3. c4 c5 4. d5 Bg7 5. Nc3 O-O 6. e4 d6 7. Be2 e6 8. O-O Re8
9. Qc2 exd5 10. cxd5 Na6 11. Bg5 h6 12. Bh4 g5 13. Bg3 Nh5 14. Nd2 Nxg3 15. hxg3
Nc7 16. Rfe1 Rb8 17. a4 Na6 18. Nc4 Nb4 19. Qd2 a6 20. a5 Bd4 21. Bh5 Qf6 22.
Ra3 Nd3 23. Re2 Ne5 24. Nxe5 Rxe5 25. g4 Qe7 26. Kh1 b5 27. axb6 Rxb6 28. g3 Bb7
29. Kh2 Bxc3 30. Rxc3 Bxd5 31. f3 Rb4 32. Rce3 Bc4 33. Re1 Bb5 34. f4 gxf4 35.
gxf4 Rexe4 0-1

[Event "Druzynowe Mistrzostwa Polski II Liga"]
[Site "Szklarska Poreba"]
[Date "1899-12-30"]
[Round "3.2"]
[White "Grabarczyk, Miroslaw"]
[Black "Helis, Tadeusz"]
[Result "1-0"]
[WhiteTitle "GM"]
[BlackTitle "FM"]
[WhiteElo "2422"]
[BlackElo "2233"]

1. d4 Nf6 2. c4 e5 3. dxe5 Ng4 4. Nf3 Nc6 5. Bf4 Bb4+ 6. Nbd2 Qe7 7. e3 Ngxe5 8.
Nxe5 Nxe5 9. Be2 Bd6 10. O-O Ng6 11. Bxd6 Qxd6 12. Qc2 O-O 13. c5 Qe7 14. Rac1
d6 15. c6 bxc6 16. Qxc6 Rb8 17. b3 Rb7 18. Nc4 Rb4 19. Nd2 Rb7 20. Qe4 Qg5 21.
Ba6 Rb6 22. Bxc8 Rxc8 23. Rfd1 Rbb8 24. Nf3 Qa5 25. Rc2 h6 26. h3 Qa3 27. Nd4
Re8 28. Qc6 Rec8 29. Qc3 Qb4 30. Qd3 Ne5 31. Qe2 c5 32. Nf5 Rd8 33. Nxd6 a5 34.
Nc4 Ng6 35. Nb2 Ne5 36. Nc4 Nc6 37. Rxd8+ Rxd8 38. Rd2 a4 39. Rxd8+ Nxd8 40. Qd2
Qxd2 41. Nxd2 axb3 42. Nxb3 Nb7 43. Kf1 Kf8 44. Ke2 Ke7 45. Kd3 Kd6 46. Nd2 Kc6
47. a4 f6 48. g4 Nd6 49. Nc4 Nf7 50. h4 Nd8 51. h5 Ne6 52. Ke4 Ng5+ 53. Kd3 Nf3
54. Ke4 Ng5+ 55. Kf5 Nf3 56. e4 Nh4+ 57. Ke6 Nf3 58. e5 Ng5+ 59. Kf5 fxe5 60.
Nxe5+ Kd5 61. a5 Ne6 62. a6 Nd4+ 63. Kg6 Nb5 64. f4 Ke4 65. Kxg7 Kxf4 66. Kxh6
Kxe5 67. Kg6 c4 68. h6 c3 69. h7 c2 70. h8=Q+ 1-0